00928 2200301 4500001002100000005001700021008004100038020002200079035002500101040001200126082001400138090001600152100001900168245017000187250001900357260003000376300003700406500001100443504003100454650001900485700002100504700001500525700002000540850001200560990001800572990001800590990001800608INLIS00000000000444720150807105942.0  a978-979-1305-74-7 a0010-041500000001513 aYOPDYOG 223a371.3 a371.3 Sil A aSILBERMAN, Mel aActive trainingb: Pedoman praktis tentang teknik, desain, contoh kasus, dan kiatc/ Mel Silberman dan Carol Aurebach; Penerjemah, M. Khozim; Editor, Irfan M. Zakkie aEd. 2 , Cet. 1 aBandungbNusa Mediac2013 axv, 370 hlm.b: ilus.c; 23,5 cm aIndeks aBibliografi : hlm. 365-368 aMetode Belajar aAUBERBACH, Carol aKHOZIM, M. aIRFAN M. Zakkie aYOPDYOG a11661-PD/B.15 a11662-PD/B.15 a11663-PD/B.15